Relaciones de poder en la construcción de regímenes de propiedad intelectual: las disputas legislativas por el acceso a los recursos vegetales en Costa Rica. Un análisis a partir de expedientes legislativos. 1999-2004
El documento se adentra en la compleja intersección entre propiedad intelectual, acceso a los recursos vegetales y relaciones de poder en el contexto costarricense. A lo largo del período de estudio, que abarca desde 1999 hasta 2004, el autor analiza exhaustivamente los expedientes legislativos para...
محفوظ في:
| المؤلف الرئيسي: | |
|---|---|
| التنسيق: | نص |
| اللغة: | Spanish |
| منشور في: |
Costa Rica:
sin editorial
|
| الموضوعات: | |
| الوسوم: |
إضافة وسم
لا توجد وسوم, كن أول من يضع وسما على هذه التسجيلة!
|
MARC
| LEADER | 00000 a a2200000 04500 | ||
|---|---|---|---|
| 001 | 44575 | ||
| 003 | cru IIS | ||
| 005 | 20230829114012.0 | ||
| 008 | 230829b |||||||| |||| 00| 0 spa d | ||
| 040 | |c A | ||
| 090 | |a 1003 M827r | ||
| 100 | |a Mora Solano, Sindy | ||
| 245 | |a Relaciones de poder en la construcción de regímenes de propiedad intelectual: |b las disputas legislativas por el acceso a los recursos vegetales en Costa Rica. Un análisis a partir de expedientes legislativos. 1999-2004 | ||
| 260 | |a Costa Rica: |b sin editorial | ||
| 300 | |a 30 páginas | ||
| 520 | |a El documento se adentra en la compleja intersección entre propiedad intelectual, acceso a los recursos vegetales y relaciones de poder en el contexto costarricense. A lo largo del período de estudio, que abarca desde 1999 hasta 2004, el autor analiza exhaustivamente los expedientes legislativos para comprender cómo las dinámicas políticas, económicas y sociales influyen en la construcción de marcos legales en relación con la biodiversidad y los recursos vegetales. Ofrece una visión profunda y crítica de cómo las relaciones de poder moldean la legislación relacionada con la propiedad intelectual y el acceso a los recursos vegetales en Costa Rica. A través de un análisis meticuloso de los expedientes legislativos, el autor ilustra cómo diversos actores influyen en la toma de decisiones y cómo estas decisiones tienen implicaciones significativas para la biodiversidad, el desarrollo sostenible y la equidad en el país.RAR | ||
| 650 | 0 | |2 OCDE |9 3828 |a PROPIEDAD INTELECTUAL | |
| 650 | 4 | |2 OCDE |9 1993 |a LEGISLACION | |
| 650 | 0 | |2 OCDE |9 344 |a BIODIVERSIDAD | |
| 650 | 0 | |9 3754 |a RELACIONES DE PODER | |
| 942 | |2 ddc |c REF | ||
| 999 | |c 15197 |d 15197 | ||
